|
|
|
|
| LEADER |
00000nam0a2200000 4500 |
| 001 |
20552 |
| 005 |
20231030192125.0 |
| 010 |
|
|
|a 5853000012
|
| 035 |
|
|
|a (RuTPU)RU\TPU\book\20736
|
| 035 |
|
|
|a BOOK00000088
|
| 090 |
|
|
|a 20552
|
| 100 |
|
|
|a 20011209d1989 km y0rusy50 ca
|
| 101 |
0 |
|
|a rus
|
| 102 |
|
|
|a RU
|
| 105 |
|
|
|a y z 000zy
|
| 200 |
1 |
|
|a Парапсихология и современное естествознание
|f А. П. Дубров, В. Н. Пушкин
|
| 210 |
|
|
|a Москва
|c Соваминко
|d 1990
|
| 215 |
|
|
|a 279 с.
|
| 610 |
1 |
|
|a психология
|
| 610 |
1 |
|
|a парапсихология
|
| 610 |
1 |
|
|a ествествознание
|
| 610 |
1 |
|
|a паранормальные явления
|
| 610 |
1 |
|
|a биополе
|
| 610 |
1 |
|
|a психокинез
|
| 610 |
1 |
|
|a пси-явления
|
| 610 |
1 |
|
|a полтергейст
|
| 610 |
1 |
|
|a ясновидение
|
| 686 |
|
|
|a Ю93
|v LBC/SL-A
|2 rubbk
|
| 700 |
|
1 |
|a Дубров
|b А. П.
|g Александр Петрович
|
| 701 |
|
1 |
|a Пушкин
|b В. Н.
|g Вениамин Ноевич
|
| 801 |
|
0 |
|a RU
|b 63413507
|c 20011209
|g PSBO
|
| 801 |
|
2 |
|a RU
|b 63413507
|c 20120919
|g PSBO
|
| 942 |
|
|
|c BK
|